000 00777na a2200277 4500
001 23230
003 MIRAKIL
005 20181213154905.0
008 181105b tu 000 0
020 _a9755200118
040 _aMilas
_btur
_cTR-AnCHP
041 _atur
082 _a322.1
_bA47l 1989
090 _a322.1 A47l 1989
100 _aAksoy, Muammer
245 _aLaikliğe Çağrı
_cMuammer Aksoy
250 _a2. bs.
260 _aAnkara
_bGündoğan Yayınları
_c1989
_fÖzkan Matbaacılık
300 _a68 s.
_c19 sm.
440 _aGündoğan yayınları
_v90.19
490 _aAtatürkçü Düşünce dizisi
_v01.02
650 _aLaiklik
_xTürkiye
650 _aDin ve siyaset
_xTürkiye
650 _aSiyaset ve yönetim
_xTürkiye
942 _2ddc
_cBKS
999 _c2664
_d2664